00864nam a22002057a 4500999001900000005001700019010001500036020001100051035001400062037001300076082001200089100001800101245010900119260004000228270017200268300002800440700004000468942002600508952012400534 c195705d19570520230418152630.0 aENG-136705 c200.00 aEN-120237 bDBAD/PUB a615.536 aKulkarni, P.H aNadee Pareeksha Pulse Examination In Ayurveda /cBy P.H Kulkarni and Edited By Abhinandan Appasaheb Muke aPunebDeerghayu Internationalc2016 a36, Kothrud Gaothan, Opp Mhatoba Temple, Navgrah, Maruti, Bodhi Vruksha bPunee411038k9822037665k91-020-25382130mdeerghayuinternational@gamil.coml91-020-65208083 a84p.;c20cm(pbk)bindex aMuke, Abhinandan Appasaheb eEditor 2ddccENmKULh615.536 001040708NFICaBL4bBL4d2023-04-18eDBAD/PUBg200.00l0o615.536 KULpEN-120237r2023-04-18 00:00:00t1v200.00yEN